Evolution of structure and properties of rail steel at long-term operation; Перспективные материалы с иерархической структурой для новых технологий и надежных конструкций

Sonraí bibleagrafaíochta
Parent link:Перспективные материалы с иерархической структурой для новых технологий и надежных конструкций.— 2017.— [С. 76-77]
Údar corparáideach: Национальный исследовательский Томский политехнический университет (ТПУ) Инженерная школа ядерных технологий (ИЯТШ) Лаборатория плазменных гибридных систем (ЛПГС)
Rannpháirtithe: Gromov V. E., Ivanov Yu. F. Yuriy Fedorovich, Yuriev A. A., Peregudov O. A., Konovalov S. V.
Achoimre:Заглавие с экрана
Teanga:Béarla
Foilsithe / Cruthaithe: 2017
Sraith:Неустойчивость и локализация деформации и разрушения в материалах с иерархической структурой
Ábhair:
Rochtain ar líne:http://www.ispms.ru/files/Conference/2017_m/sb_tez_2017.pdf#page=76
Formáid: Leictreonach Caibidil leabhair
KOHA link:https://koha.lib.tpu.ru/cgi-bin/koha/opac-detail.pl?biblionumber=656933

MARC

LEADER 00000nla2a2200000 4500
001 656933
005 20231101134939.0
035 |a (RuTPU)RU\TPU\network\23413 
035 |a RU\TPU\network\23411 
090 |a 656933 
100 |a 20171221d2017 k y0rusy50 ba 
101 0 |a eng 
102 |a RU 
105 |a a z 101zy 
135 |a drgn ---uucaa 
181 0 |a i  
182 0 |a b 
200 1 |a Evolution of structure and properties of rail steel at long-term operation  |f V. E. Gromov [et al.] 
203 |a Text  |c electronic 
225 1 |a Неустойчивость и локализация деформации и разрушения в материалах с иерархической структурой 
300 |a Заглавие с экрана 
463 1 |0 (RuTPU)RU\TPU\network\23304  |t Перспективные материалы с иерархической структурой для новых технологий и надежных конструкций  |o тезисы докладов Международной конференции, 9-13 октября 2017 г., Томск  |f Российская академия наук (РАН), Сибирское отделение (СО), Институт физики прочности и материаловедения (ИФПМ)  |v [С. 76-77]  |d 2017 
610 1 |a электронный ресурс 
610 1 |a труды учёных ТПУ 
610 1 |a эволюция 
610 1 |a структуры 
610 1 |a рельсовые стали 
610 1 |a длительная эксплуатация 
610 1 |a деформации 
610 1 |a поверхностные слои 
610 1 |a ферриты 
610 1 |a износостойкость 
610 1 |a коэффициенты трения 
701 1 |a Gromov  |b V. E. 
701 1 |a Ivanov  |b Yu. F.  |c physicist  |c Professor of Tomsk Polytechnic University, Doctor of physical and mathematical sciences  |f 1955-  |g Yuriy Fedorovich  |2 stltpush  |3 (RuTPU)RU\TPU\pers\33559 
701 1 |a Yuriev  |b A. A. 
701 1 |a Peregudov  |b O. A. 
701 1 |a Konovalov  |b S. V. 
712 0 2 |a Национальный исследовательский Томский политехнический университет (ТПУ)  |b Инженерная школа ядерных технологий (ИЯТШ)  |b Лаборатория плазменных гибридных систем (ЛПГС)  |c (2017- )  |h 7887  |2 stltpush  |3 (RuTPU)RU\TPU\col\23381 
801 1 |a RU  |b 63413507  |c 20101016 
801 2 |a RU  |b 63413507  |c 20171221  |g RCR 
856 4 |u http://www.ispms.ru/files/Conference/2017_m/sb_tez_2017.pdf#page=76 
942 |c CF